State Quiz: Pennsylvania Stats

Quiz Updated Jan 29, 2015

Challenge
Share
Tweet
Embed
Score 0/30 Timer 04:00
0 Plays Today
Hint Answer % Correct
Bordering stateNew York
94.9%
State or commonwealth?Commonwealth
93%
Bordering stateOhio
91.8%
Largest cityPhiladelphia
91.8%
Bordering stateNew Jersey
90.4%
State abbreviationPA
90.4%
Time zoneEastern
88.5%
FounderWilliam Penn
88%
Bordering stateMaryland
87.8%
Bordering Great LakeLake Erie
87.5%
NFL teams (name one)Philadelphia Eagles, Pittsburgh Steelers
87.2%
Bordering stateWest Virginia
86.2%
Capital cityHarrisburg
84.9%
MLB teams (name one)Philadelphia Phillies, Pittsburgh Pirates
84.5%
# state to enter Union2nd
84%
Hint Answer % Correct
Famous chocolate cityHershey
83.9%
NHL teams (name one)Philadelphia Flyers, Pittsburgh Penguins
81.9%
Bordering stateDelaware
81.4%
Largest religious denominationRoman Catholic
76.8%
NBA teamPhiladelphia 76ers
75%
NicknameThe Keystone State
64.8%
Number of representatives18
52%
DemonymPennsylvanian
47.8%
Current governorTom Wolf
26.3%
SenatorBob Casey, Jr.
20%
SenatorPat Toomey
17.2%
State birdRuffed Grouse
17.1%
State flowerMountain Laurel
16.8%
State dogGreat Dane
11.6%
State treeHemlock
11.3%

You're not logged in!

Compare scores with friends on all Sporcle quizzes.
Sign Up with Email
OR
Log In

You Might Also Like...

Show Comments

Extras

Top Quizzes Today


Score Distribution

Your Account Isn't Verified!

In order to create a playlist on Sporcle, you need to verify the email address you used during registration. Go to your Sporcle Settings to finish the process.